| 000 | 00879nam a2200229 a 4500 | ||
|---|---|---|---|
| 001 | 5014 | ||
| 003 | CDMR | ||
| 005 | 20131115132102.0 | ||
| 008 | 130130s1996||||sp |||||||||||||||||spa|d | ||
| 020 | _a8488363648 | ||
| 040 |
_aCDMR _bcat _cCPC LLEIDA |
||
| 245 | 0 | 3 |
_aLa comunicación política _b: [ponencias] _cdirector: Manuel Fernández Areal ; Fernando Ramos Fernández, secretario ; coordinador: Daniel Martí Pellón |
| 260 |
_aPontevedra _c1996 _bDiputación de Pontevedra |
||
| 300 | _a171 p. | ||
| 500 | _aRecull de les ponències de les 2es Jornadas de Comunicación Social, Pontevedra 1996. | ||
| 650 | 0 | 4 |
_93324 _aComunicació en la política |
| 650 | 0 | 4 |
_92305 _aComunicació _xAspectes polítics |
| 700 | 1 |
_9421 _aFernández Areal, Manuel _edir. |
|
| 700 | 1 |
_91699 _aRamos Fernández, Luis Fernando |
|
| 700 | 1 |
_93323 _aMartí Pellón, Daniel _ecoor. |
|
| 942 |
_cMON _2udc |
||
| 999 |
_c5014 _d5014 |
||